00505nam a2200193Ia 4500008004100000020001800041050001400059100001900073245003300092245005200125260001500177260001600192260000900208300001500217300002700232300001000259440003400269500000800303170918s9999 xx 000 0 und d a9780545054737 bK265 2006 aKeene, Carolyn aCase of the sneaky snowman / cCarolyn Keene ; illustrated by Macky Pamintuan. aNew York : bScholastic, c2006 a84 pages : bcolored illustration ; c20cm. aNancy Drew and the clue crew. a480